[Event "EU-ch Online U2300 Qual"]
[Site "Chess.com INT"]
[Date "2020.05.25"]
[Round "3"]
[White "Budakova, Taulant"]
[Black "Kujawski, Adam"]
[Result "0-1"]
[WhiteElo "2060"]
[BlackElo "2201"]
[PlyCount "40"]
[EventDate "2020.05.25"]
[EventType "swiss"]
[EventRounds "8"]
[EventCountry "NET"]
[SourceTitle "EXT 2021"]
[Source "ChessBase"]
[SourceDate "2020.10.23"]
[SourceVersion "1"]
[SourceVersionDate "2020.10.23"]
[SourceQuality "1"]

1. d4 Nf6 2. c4 e6 3. Nf3 c5 4. e3 b6 5. Nc3 Bb7 6. Bd3 g6 7. 0-0 Bg7 8. b3 0-0 9. Bb2 Qe7 10. Qe2 cxd4 11. exd4 d5 12. Nb5 Nc6 13. Qd2 Rfd8 14. Ba3 Qd7 15. c5 Ne4 16. Qe3 bxc5 17. Bxe4 dxe4 18. Ne5 Nxe5 19. dxe5 Qxb5 20. Bxc5 Rd3 0-1

[Event "EU-ch Online U2300 Qual"]
[Site "Chess.com INT"]
[Date "2020.05.25"]
[Round "1"]
[White "Budakova, Taulant"]
[Black "Navumenka, Mikhei"]
[Result "0-1"]
[WhiteElo "2060"]
[BlackElo "2105"]
[PlyCount "72"]
[EventDate "2020.05.25"]
[EventType "swiss"]
[EventRounds "8"]
[EventCountry "NET"]
[SourceTitle "EXT 2021"]
[Source "ChessBase"]
[SourceDate "2020.10.23"]
[SourceVersion "1"]
[SourceVersionDate "2020.10.23"]
[SourceQuality "1"]

1. d4 Nf6 2. c4 e6 3. Nf3 b6 4. e3 Bb7 5. Bd3 Be7 6. 0-0 0-0 7. Nc3 d5 8. cxd5 exd5 9. b3 Nbd7 10. Bb2 c5 11. dxc5 Nxc5 12. Bc2 Nfe4 13. Ne2 Ba6 14. Re1 Bh4 15. Ng3 Bf6 16. Bxf6 Nxf6 17. b4 Nce4 18. Nxe4 dxe4 19. Nd4 Qd5 20. Bb3 Qg5 21. Rc1 Rad8 22. Rc7 Bc8 23. Qe2 Bg4 24. Qf1 h5 25. Rxa7 h4 26. Rb7 h3 27. g3 Rd6 28. Rc1 Nd7 29. Rc6 Rf6 30. Qc1 Ne5 31. Rcxb6 Rxf2 32. Rb8 Rg2+ 33. Kh1 Rxb8 34. Rxb8+ Kh7 35. Qc5 Qxe3 36. Ne2 Qxe2 0-1

[Event "Francophone-ch 6th"]
[Site "Tirana"]
[Date "2018.08.27"]
[Round "2"]
[White "Hesham, Abdelrahman"]
[Black "Budakova, Taulant"]
[Result "1-0"]
[WhiteElo "2405"]
[BlackElo "2106"]
[PlyCount "79"]
[EventDate "2018.08.26"]
[EventType "swiss"]
[EventRounds "9"]
[EventCountry "ALB"]
[SourceTitle "CBM 186 Extra"]
[Source "ChessBase"]
[SourceDate "2018.08.24"]
[SourceVersion "1"]
[SourceVersionDate "2018.08.24"]
[SourceQuality "1"]

1. d4 Nf6 2. Bf4 d5 3. e3 e6 4. Nf3 Be7 5. h3 Nbd7 6. Bd3 b6 7. Nbd2 Bb7 8. c3 c5 9. Ne5 c4 10. Bc2 b5 11. g4 Nxe5 12. Bxe5 Bd6 13. Bxd6 Qxd6 14. g5 Nd7 15. f4 b4 16. Nf3 a5 17. Ne5 Nxe5 18. fxe5 Qd7 19. 0-0 Bc6 20. Qh5 g6 21. Qh6 Qe7 22. Rf6 Qf8 23. Qh4 Qg7 24. Qg4 Bd7 25. Raf1 Rf8 26. h4 Ke7 27. h5 gxh5 28. Qxh5 Be8 29. R1f2 bxc3 30. bxc3 Rb8 31. Qh4 Kd7 32. e4 dxe4 33. Bxe4 Rg8 34. Rg2 Qf8 35. Bxh7 Rh8 36. g6 Rb1+ 37. Kh2 Qg7 38. gxf7 Rxh7 39. f8N+ Qxf8 40. Qxh7+ 1-0